[Event "Druga Liga CS - Zapad"]
[Site "?"]
[Date "2010.09.26"]
[Round "3"]
[White "Milosevic, Boban"]
[Black "Stojanovic, Dobrisav"]
[Result "1-0"]
[WhiteElo "2293"]
[BlackElo "2346"]
[PlyCount "80"]
[EventDate "2010.10.06"]
[SourceDate "2010.10.06"]

1. e4 e5 2. Nf3 Nc6 3. Bb5 a6 4. Ba4 Nf6 5. O-O Be7 6. Bxc6 dxc6 7. Qe1 Bd6 8.
d4 Nd7 9. b3 O-O 10. Bb2 Re8 11. Nbd2 exd4 12. Bxd4 Bc5 13. Bb2 Qe7 14. Qe2 Nf6
15. Rae1 Bg4 16. h3 Bh5 17. g4 Bg6 18. Ne5 Rad8 19. Nxg6 hxg6 20. Bxf6 Qxf6 21.
Nf3 Qf4 22. Kg2 Re6 23. e5 f6 24. Qe4 Qxe4 25. Rxe4 Bd6 26. Nh4 fxe5 27. Rfe1
Rf8 28. f4 Ref6 29. fxe5 Rf2+ 30. Kh1 Bc5 31. b4 Be7 32. Nxg6 Re8 33. Rd1 Bg5
34. h4 Kh7 35. h5 Rxc2 36. e6 Kh6 37. Ne5 Be7 38. Nf7+ Kh7 39. g5 b5 40. Rd7 c5
1-0

[Event "Druga Liga CS - Zapad"]
[Site "?"]
[Date "2010.09.26"]
[Round "3"]
[White "Dolovic, Dusko"]
[Black "Trpkovic, Miroljub"]
[Result "1-0"]
[WhiteElo "2222"]
[BlackElo "2033"]
[PlyCount "73"]
[EventDate "2010.10.06"]
[SourceDate "2010.10.06"]

1. d4 d5 2. Nf3 Nf6 3. c4 c6 4. Nc3 e6 5. Bg5 Be7 6. e3 Nbd7 7. Be2 O-O 8. O-O
Ne8 9. Bxe7 Qxe7 10. e4 dxe4 11. Nxe4 Nef6 12. Nxf6+ Nxf6 13. Qb3 Rd8 14. Rad1
b6 15. Ne5 Bb7 16. Bf3 Rdc8 17. Rfe1 Qc7 18. Ng4 Nxg4 19. Bxg4 Rd8 20. Bf3 Rd7
21. Rd2 Rad8 22. Red1 h6 23. Qe3 Qb8 24. g3 Qc7 25. b3 Rd6 26. b4 R6d7 27. a4
Qd6 28. Qc3 Qe7 29. c5 bxc5 30. dxc5 Rxd2 31. Rxd2 Rxd2 32. Qxd2 Qf6 33. Qd1
Qc3 34. b5 Qxc5 35. Qd8+ Kh7 36. Qd7 Qb6 37. Qxf7 1-0

[Event "Druga Liga CS - Zapad"]
[Site "?"]
[Date "2010.09.26"]
[Round "3"]
[White "Avramovic, Zoran"]
[Black "Marcetic, Predrag"]
[Result "1/2-1/2"]
[WhiteElo "2234"]
[BlackElo "2207"]
[PlyCount "39"]
[EventDate "2010.10.06"]
[SourceDate "2010.10.06"]

1. e4 c6 2. d4 d5 3. exd5 cxd5 4. Bd3 Nc6 5. Nf3 Bg4 6. c3 Nf6 7. h3 Bh5 8. Bf4
e6 9. Nbd2 Bd6 10. Bxd6 Qxd6 11. Qe2 Bg6 12. Bxg6 hxg6 13. O-O-O Qc7 14. Kb1
O-O-O 15. Rhe1 Rh5 16. h4 Kb8 17. g3 Rhh8 18. Ng5 Nh7 19. Nh3 Na5 20. Rc1
1/2-1/2

[Event "Druga Liga CS - Zapad"]
[Site "?"]
[Date "2010.09.26"]
[Round "3"]
[White "Bezarevic, Branko"]
[Black "Mircic, Ivan"]
[Result "0-1"]
[WhiteElo "2214"]
[BlackElo "2245"]
[PlyCount "76"]
[EventDate "2010.10.06"]
[SourceDate "2010.10.06"]

1. e4 c5 2. Nc3 e6 3. f4 Nc6 4. Nf3 d6 5. Bb5 Bd7 6. O-O a6 7. Bxc6 Bxc6 8. d3
Be7 9. Qe2 Qc7 10. Bd2 O-O-O 11. Rae1 Nf6 12. e5 Bxf3 13. Rxf3 Nd7 14. exd6
Qxd6 15. Kh1 Bh4 16. g3 Bf6 17. Ne4 Qc6 18. Nxf6 Nxf6 19. Bc3 h5 20. h3 Rhg8
21. Qg2 Nd5 22. Be5 Nb4 23. Rf2 Qxg2+ 24. Kxg2 Nxa2 25. f5 f6 26. fxe6 fxe5 27.
Rxe5 b6 28. Rxh5 Rde8 29. Re5 Nb4 30. Rf7 Nc6 31. Rd5 Nd8 32. d4 Rxe6 33. Ra7
cxd4 34. Rxd4 Re2+ 35. Kf3 Rxc2 36. Rxa6 Kb7 37. Ra2 Kc6 38. Ra8 Rf8+ 0-1

[Event "Druga Liga CS - Zapad"]
[Site "?"]
[Date "2010.09.26"]
[Round "3"]
[White "Rancic, Zoran"]
[Black "Djokovic, Nebojsa"]
[Result "1-0"]
[WhiteElo "2177"]
[BlackElo "2153"]
[PlyCount "141"]
[EventDate "2010.10.06"]
[SourceDate "2010.10.06"]

1. d4 c5 2. d5 e5 3. e4 d6 4. Bb5+ Nd7 5. Ne2 a6 6. Bd3 b5 7. c4 bxc4 8. Bxc4
Nb6 9. Bd3 Bd7 10. Nbc3 g6 11. O-O Bg7 12. Ng3 Nf6 13. f4 Ng4 14. Qf3 Qh4 15.
h3 exf4 16. Bxf4 Bd4+ 17. Kh1 Be5 18. Nge2 O-O 19. Kg1 Bxc3 20. Nxc3 Ne5 21.
Bxe5 dxe5 22. Qe3 Qe7 23. Rac1 f5 24. b3 f4 25. Qe2 Qg5 26. Qf3 Rfc8 27. Ne2
Bb5 28. a4 Be8 29. Qf2 Nd7 30. Rc3 Qf6 31. Bc4 Bf7 32. Nc1 g5 33. Be2 h5 34.
Nd3 Rab8 35. Rfc1 Qg6 36. Qf3 Qb6 37. Kf1 a5 38. Nb2 Nf6 39. Bb5 g4 40. Qe2 Bg6
41. Nc4 Qc7 42. d6 Qg7 43. Nd2 Rf8 44. Rxc5 f3 45. gxf3 gxf3 46. Qe3 Bxe4 47.
Ke1 Bh7 48. Rxe5 Qg3+ 49. Kd1 Qxh3 50. Rc7 Qh1+ 51. Nf1 Qh4 52. Ree7 f2 53.
Qe6+ Kh8 54. Rxh7+ Nxh7 55. Rxh7+ Kxh7 56. Bd3+ Rf5 57. Bxf5+ Kg7 58. Qg6+ Kf8
59. Qh6+ Ke8 60. Qh8+ Kf7 61. Qxb8 Qd4+ 62. Ke2 Qe5+ 63. Kxf2 Qxf5+ 64. Ke2
Qe5+ 65. Ne3 Qb2+ 66. Kd3 Qb1+ 67. Kd4 Qb2+ 68. Kc5 Qc1+ 69. Nc4 h4 70. Qb7+
Kg6 71. Qe4+ 1-0

[Event "Druga Liga CS - Zapad"]
[Site "?"]
[Date "2010.09.26"]
[Round "3"]
[White "Mijanovic, Dragan"]
[Black "Dorontic, Zoran"]
[Result "1-0"]
[WhiteElo "2102"]
[BlackElo "2086"]
[PlyCount "140"]
[EventDate "2010.10.06"]
[SourceDate "2010.10.06"]

1. d4 Nf6 2. Nf3 g6 3. b3 Bg7 4. Bb2 O-O 5. Nbd2 d5 6. e3 Re8 7. Rc1 Nbd7 8.
Be2 b6 9. c4 c6 10. cxd5 cxd5 11. Qc2 Bb7 12. Qc7 Rb8 13. O-O Qxc7 14. Rxc7 e6
15. Bb5 Red8 16. Ba3 Bf8 17. Bxf8 Kxf8 18. h3 a6 19. Bd3 Ne8 20. Rc2 Rdc8 21.
Rfc1 Rxc2 22. Rxc2 Rc8 23. b4 Nd6 24. a4 Ke7 25. Rxc8 Nxc8 26. Nb3 Na7 27. Kf1
Nc6 28. b5 axb5 29. axb5 Na7 30. Ne1 e5 31. Nc2 Kd6 32. Ke1 h5 33. f3 g5 34. g3
h4 35. Kf2 e4 36. Be2 exf3 37. Kxf3 Nf6 38. gxh4 gxh4 39. Nd2 Bc8 40. Bf1 Bf5
41. Na3 Nh5 42. e4 dxe4+ 43. Ke3 Ng3 44. Bg2 Bd7 45. Nac4+ Kc7 46. Nxe4 Nxe4
47. Kxe4 Nxb5 48. Ke5 Nc3 49. d5 b5 50. d6+ Kd8 51. Na5 b4 52. Kd4 f5 53. Kc4
Nb5 54. Nb7+ Ke8 55. Kxb4 Nd4 56. Kc5 Ne6+ 57. Kb6 f4 58. Nc5 Nd4 59. Bf1 f3
60. Ne4 Nf5 61. Kc7 Ba4 62. Bd3 Ne3 63. Nf2 Nd5+ 64. Kc8 Bd7+ 65. Kb7 Nf4 66.
Bf1 Ne2 67. Kc7 Nd4 68. Ne4 Nf5 69. Nf6+ Kf7 70. Nxd7 Ng3 1-0

[Event "Druga Liga CS - Zapad"]
[Site "?"]
[Date "2010.09.26"]
[Round "3"]
[White "Radibratovic, Predrag"]
[Black "Dumpor, Atif"]
[Result "1/2-1/2"]
[WhiteElo "2359"]
[BlackElo "2391"]
[PlyCount "30"]
[EventDate "2010.10.06"]
[SourceDate "2010.10.07"]

1. e4 d5 2. exd5 Qxd5 3. Nc3 Qd6 4. d4 Nf6 5. h3 c6 6. Nf3 g6 7. Be3 Bg7 8. Qd2
Nbd7 9. Bc4 Nb6 10. Bb3 Be6 11. Bf4 Qd7 12. Ne5 Qc8 13. Bh6 O-O 14. O-O Bxb3
15. axb3 Rd8 1/2-1/2

[Event "Druga Liga CS - Zapad"]
[Site "?"]
[Date "2010.09.26"]
[Round "3"]
[White "Milosevic, Zoran"]
[Black "Tasic, Vladimir"]
[Result "1-0"]
[WhiteElo "2281"]
[BlackElo "2235"]
[PlyCount "89"]
[EventDate "2010.10.06"]
[SourceDate "2010.10.07"]

1. d4 Nf6 2. Nf3 g6 3. c4 Bg7 4. Nc3 O-O 5. g3 d6 6. Bg2 Nbd7 7. O-O e5 8. Qc2
c6 9. Rd1 Qe7 10. dxe5 dxe5 11. b3 Ne8 12. a4 e4 13. Ba3 Nc5 14. Bxc5 Qxc5 15.
Nxe4 Qb4 16. Rab1 f5 17. Qd2 Qe7 18. Nc3 Be6 19. e3 Nc7 20. Ne2 Rad8 21. Qa5
Na6 22. Nfd4 Bc8 23. h4 Be5 24. Nf4 Qf6 25. Nde2 b6 26. Qe1 Nc5 27. a5 Ne4 28.
axb6 axb6 29. Rxd8 Rxd8 30. Rd1 Bb7 31. Rxd8+ Qxd8 32. Qb1 Nf6 33. Nd3 Bd6 34.
b4 Qa8 35. c5 Bf8 36. Nd4 Qa3 37. cxb6 Nd5 38. Bxd5+ cxd5 39. Nc5 Bxc5 40. bxc5
Qxc5 41. Qb5 Qd6 42. Qe8+ Kg7 43. Ne6+ Kf6 44. Nd8 Ba6 45. f4 1-0

[Event "Druga Liga CS - Zapad"]
[Site "?"]
[Date "2010.09.26"]
[Round "3"]
[White "Mirkovic, Stevan"]
[Black "Bosiljcic, Zoran"]
[Result "1-0"]
[WhiteElo "2217"]
[BlackElo "2164"]
[PlyCount "89"]
[EventDate "2010.10.06"]
[SourceDate "2010.10.07"]

1. Nf3 Nf6 2. c4 g6 3. Nc3 Bg7 4. e4 d6 5. d4 O-O 6. Be2 e5 7. O-O Nc6 8. d5
Ne7 9. b4 Ne8 10. c5 h6 11. a4 f5 12. Nd2 fxe4 13. Ndxe4 Nf5 14. Ba3 Rf7 15.
Rc1 Bf8 16. Bc4 Kh7 17. Bb2 Qh4 18. Qe1 Nd4 19. f4 Qxe1 20. Rcxe1 exf4 21. Ng5+
hxg5 22. Rxe8 Bg7 23. Ne4 Kh6 24. cxd6 cxd6 25. Nxd6 Rc7 26. Bd3 b6 27. Nb5
Nxb5 28. Bxg7+ Kxg7 29. Bxb5 Bb7 30. Rxa8 Bxa8 31. Bc6 Bxc6 32. Rc1 Kf7 33. b5
Ke7 34. dxc6 Kd8 35. Rd1+ Kc8 36. Re1 Rf7 37. Re8+ Kc7 38. Ra8 Kd6 39. Rg8 Kc7
40. Rxg6 a6 41. Rxg5 Re7 42. h4 Re4 43. Rg7+ Kc8 44. bxa6 Rxa4 45. a7 1-0

[Event "Druga Liga CS - Zapad"]
[Site "?"]
[Date "2010.09.26"]
[Round "3"]
[White "Andric, Zoran B"]
[Black "Vasilic, Mihailo"]
[Result "1-0"]
[WhiteElo "2246"]
[BlackElo "2033"]
[PlyCount "95"]
[EventDate "2010.10.06"]
[SourceDate "2010.10.07"]

1. d4 Nf6 2. Nf3 d5 3. c4 c6 4. Nc3 e6 5. e3 Bd6 6. Qc2 Nbd7 7. Be2 O-O 8. O-O
h6 9. b3 Re8 10. Bb2 a6 11. e4 dxe4 12. Nxe4 Nxe4 13. Qxe4 Nf6 14. Qc2 Bd7 15.
Ne5 Rc8 16. Rad1 Bb8 17. Rd3 Qc7 18. Rg3 Re7 19. Ba3 Be8 20. Rd1 Rd7 21. Qc1
Ne4 22. Rh3 Ng5 23. Rh4 Rdd8 24. Qe3 f6 25. Nd3 Bf7 26. Bb2 Ba7 27. Qc1 Rd6 28.
Bc3 Rcd8 29. c5 R6d7 30. Nb2 Bg6 31. Nc4 Re8 32. Ba5 Qb8 33. Bd2 Qd8 34. Ba5
Qe7 35. Bb4 Bb8 36. Qe3 Bc7 37. a3 Red8 38. Re1 Nf7 39. Nb6 f5 40. Nxd7 Qxh4
41. g3 Qe7 42. Ne5 Nxe5 43. dxe5 Rd7 44. Rd1 Qd8 45. Rd6 Bxd6 46. exd6 Bf7 47.
Bc3 Qg5 48. a4 1-0

[Event "Druga Liga CS - Zapad"]
[Site "?"]
[Date "2010.09.26"]
[Round "3"]
[White "Zecevic, Igor"]
[Black "Pecinar, Zoran"]
[Result "1-0"]
[WhiteElo "1867"]
[BlackElo "2166"]
[PlyCount "43"]
[EventDate "2010.10.06"]
[SourceDate "2010.10.07"]

1. d4 Nf6 2. c4 g6 3. Nc3 Bg7 4. e4 d6 5. Bg5 O-O 6. f3 c5 7. d5 e6 8. Qd2 exd5
9. cxd5 a6 10. a4 Nbd7 11. Nh3 Re8 12. Nf2 Rb8 13. Be2 Qc7 14. O-O c4 15. a5
Nc5 16. Bxc4 Ncxe4 17. Ncxe4 Nxe4 18. Nxe4 Qxc4 19. Nf6+ Bxf6 20. Bxf6 Qc5+ 21.
Kh1 Qe3 22. Rfe1 1-0

[Event "Druga Liga CS - Zapad"]
[Site "?"]
[Date "2010.09.26"]
[Round "3"]
[White "Colovic, Dusan"]
[Black "Sadikovic, Samir"]
[Result "1-0"]
[WhiteElo "2365"]
[BlackElo "2188"]
[PlyCount "88"]
[EventDate "2010.10.06"]
[SourceDate "2010.10.07"]

1. d4 d5 2. Nc3 Nf6 3. Bf4 a6 4. f3 Nc6 5. Qd2 e6 6. a3 Bd6 7. O-O-O b5 8. e4
Bxf4 9. Qxf4 O-O 10. exd5 Nxd5 11. Nxd5 Qxd5 12. Bd3 Qd6 13. Qh4 h6 14. Ne2 b4
15. a4 b3 16. c3 Bd7 17. g4 Qe7 18. Qg3 e5 19. d5 Na5 20. h4 f5 21. Rhe1 Qd6
22. gxf5 Bxf5 23. Rg1 Qe7 24. Bxf5 Rxf5 25. Qg4 Raf8 26. Ng3 Rf4 27. Qe6+ Qxe6
28. dxe6 Rxa4 29. Kb1 Nc4 30. Nh5 Ra2 31. Rxg7+ Kh8 32. Rdd7 Rxb2+ 33. Kc1 Rc2+
34. Kd1 Ne3+ 35. Ke1 Nf5 36. Rh7+ Kg8 37. e7 Nxe7 38. Rg7+ Kh8 39. Rdxe7 Rc1+
40. Ke2 Rc2+ 41. Kd3 Rxf3+ 42. Ke4 Rf4+ 43. Kxe5 Re2+ 44. Kxf4 Rxe7 1-0

[Event "Druga Liga CS - Zapad"]
[Site "?"]
[Date "2010.09.26"]
[Round "3"]
[White "Vizlina, Branisa"]
[Black "Irizanin, Radoje"]
[Result "0-1"]
[WhiteElo "2036"]
[BlackElo "2328"]
[PlyCount "92"]
[EventDate "2010.10.06"]
[SourceDate "2010.10.07"]

1. e4 Nf6 2. e5 Nd5 3. d4 d6 4. c4 Nb6 5. f4 dxe5 6. fxe5 c5 7. d5 g6 8. Nf3
Bg7 9. b3 Bg4 10. Bb2 e6 11. d6 Nc6 12. Be2 Bxf3 13. Bxf3 Nxe5 14. Bxe5 Bxe5
15. Nd2 Rb8 16. Ne4 Nd7 17. Rc1 O-O 18. O-O Bd4+ 19. Kh1 Ne5 20. b4 b6 21. Qd2
f5 22. Ng5 Qxd6 23. Qf4 Kg7 24. bxc5 bxc5 25. Rb1 h6 26. Rxb8 Rxb8 27. Nh3 Nxc4
28. Qc1 Ne3 29. Re1 e5 30. Ng1 e4 31. Bd1 Rd8 32. Qa3 Rd7 33. Nh3 Nc4 34. Qa4
Nb2 35. Qc2 Nd3 36. Rf1 Be3 37. Qc4 Qd5 38. Qc3+ Bd4 39. Qd2 c4 40. Ba4 e3 41.
Qe2 Rb7 42. Bc2 Rb2 43. Qd1 Qe4 44. Rf4 e2 45. Qe1 Nxe1 46. Bxe4 Nd3 0-1

[Event "Druga Liga CS - Zapad"]
[Site "?"]
[Date "2010.09.26"]
[Round "3"]
[White "Gavrilovic, Leonardo"]
[Black "Mrsevic, Miroslav"]
[Result "1-0"]
[WhiteElo "2247"]
[BlackElo "2310"]
[PlyCount "95"]
[EventDate "2010.10.06"]
[SourceDate "2010.10.07"]

1. e4 Nf6 2. e5 Nd5 3. d4 d6 4. c4 Nb6 5. f4 dxe5 6. fxe5 Nc6 7. Be3 Bf5 8. Nc3
e6 9. Nf3 Bg4 10. Be2 Bxf3 11. gxf3 Qh4+ 12. Bf2 Qf4 13. Qc1 Qf5 14. Qb1 Qxb1+
15. Rxb1 O-O-O 16. Rd1 f6 17. f4 Bb4 18. O-O g5 19. Ne4 gxf4 20. Nxf6 f3 21.
Bxf3 Nxc4 22. Bg4 Nxb2 23. Bxe6+ Kb8 24. Rb1 Nd3 25. Bd5 Ne7 26. Bg2 c6 27. Be3
Ba5 28. Rb3 Nb4 29. Rfb1 Nf5 30. Bf2 b5 31. Ra3 Bb6 32. Rxb4 Nxd4 33. Rb1 Kc7
34. Kf1 a5 35. Rg3 Nf5 36. Rc3 Ne7 37. Bxc6 b4 38. Rc2 Nxc6 39. Rbc1 Bxf2 40.
Rxc6+ Kb7 41. Kxf2 Rd2+ 42. Ke3 Rxa2 43. Ne4 Ra3+ 44. Kd4 b3 45. Nd6+ Kb8 46.
Rb6+ Ka7 47. Rb7+ Ka8 48. Rc6 1-0

[Event "Druga Liga CS - Zapad"]
[Site "?"]
[Date "2010.09.26"]
[Round "3"]
[White "Roljevic, Djordje"]
[Black "Dumic, Marko"]
[Result "1/2-1/2"]
[WhiteElo "2086"]
[BlackElo "2250"]
[PlyCount "58"]
[EventDate "2010.10.06"]
[SourceDate "2010.10.07"]

1. d4 e6 2. Nf3 Nf6 3. c4 b6 4. Nc3 Bb7 5. Bg5 h6 6. Bh4 Be7 7. Qc2 d5 8. cxd5
exd5 9. e3 O-O 10. Bd3 c5 11. O-O Nc6 12. Bf5 c4 13. Rad1 a6 14. Ne5 Re8 15.
Rfe1 b5 16. a3 b4 17. Nxc6 Bxc6 18. axb4 Bxb4 19. e4 dxe4 20. d5 Bxc3 21. dxc6
Qa5 22. Qxc3 Qxf5 23. Qxc4 Qb5 24. Qc2 Rac8 25. Bxf6 gxf6 26. Rxe4 Rxe4 27.
Qxe4 Qxc6 28. Qg4+ Kf8 29. h3 Qe6 1/2-1/2

[Event "Druga Liga CS - Zapad"]
[Site "?"]
[Date "2010.09.26"]
[Round "3"]
[White "Djuric, Zoran"]
[Black "Raicevic, Momcilo"]
[Result "0-1"]
[WhiteElo "2239"]
[BlackElo "2348"]
[PlyCount "43"]
[EventDate "2010.10.06"]
[SourceDate "2010.10.07"]

1. e4 g6 2. d4 c6 3. Be2 d5 4. e5 Bg7 5. g4 c5 6. c3 Nc6 7. Be3 f5 8. h3 Qb6 9.
Qd2 cxd4 10. Bxd4 Nxd4 11. cxd4 Bh6 12. g5 Bxg5 13. Qxg5 Qxb2 14. Qd2 Qxa1 15.
Bb5+ Bd7 16. Bxd7+ Kxd7 17. Ne2 Qxb1+ 18. Qc1 Qxc1+ 19. Nxc1 e6 20. Kd2 Ne7 21.
Nb3 b6 22. a4 0-1

[Event "Druga Liga CS - Zapad"]
[Site "?"]
[Date "2010.09.26"]
[Round "3"]
[White "Jovanovic, Nenad R"]
[Black "Ilic, Zdravko"]
[Result "1/2-1/2"]
[WhiteElo "2357"]
[BlackElo "2195"]
[PlyCount "106"]
[EventDate "2010.10.06"]
[SourceDate "2010.10.07"]

1. Nf3 d6 2. d4 Nf6 3. b3 g6 4. Bb2 Bg7 5. g3 O-O 6. Bg2 c6 7. O-O Nbd7 8. Re1
Qc7 9. e4 e5 10. dxe5 dxe5 11. Nbd2 Re8 12. Nc4 Bf8 13. a4 b5 14. axb5 cxb5 15.
Ne3 Bb7 16. Nd5 Nxd5 17. exd5 f6 18. Nd2 Qb6 19. h4 a5 20. h5 f5 21. hxg6 hxg6
22. Nf1 a4 23. Qd2 a3 24. Bc1 b4 25. Ne3 e4 26. Nc4 Qf6 27. Ra2 Ne5 28. Nxe5
Qxe5 29. Qg5 Qg7 30. Rd1 Red8 31. Bf1 Be7 32. Qe3 Rac8 33. Bc4 Bd6 34. Qe1 g5
35. c3 bxc3 36. Qe3 f4 37. Qxe4 Re8 38. Qf5 Re5 39. Qd3 fxg3 40. fxg3 Rce8 41.
Rf1 Bc5+ 42. Kg2 Qh7 43. Qxh7+ Kxh7 44. Rf7+ Kg6 45. Rxb7 Re1 46. b4 Rg1+ 47.
Kf3 g4+ 48. Kxg4 Re4+ 49. Bf4 Rxc4 50. bxc5 c2 51. Rb6+ Kf7 52. Rb7+ Kf6 53.
Rb6+ Kf7 1/2-1/2

[Event "Druga Liga CS - Zapad"]
[Site "?"]
[Date "2010.09.26"]
[Round "3"]
[White "Ilic, Zoran B"]
[Black "Vencl, Radivoje"]
[Result "0-1"]
[WhiteElo "2173"]
[BlackElo "2308"]
[PlyCount "87"]
[EventDate "2010.10.06"]
[SourceDate "2010.10.07"]

1. e4 d5 2. exd5 Qxd5 3. Nc3 Qd8 4. d4 c6 5. Bc4 Nf6 6. Nf3 Bf5 7. Ne5 e6 8. g4
Be4 9. Nxe4 Nxe4 10. Qf3 Nd6 11. Bb3 Nd7 12. Bd2 Nxe5 13. dxe5 Nb5 14. c3 Be7
15. O-O-O Qb6 16. Be3 Bc5 17. Rhe1 a5 18. Qe4 Nc7 19. Bxc5 Qxc5 20. f4 Nd5 21.
f5 a4 22. Bxd5 cxd5 23. Qd4 b6 24. a3 O-O 25. Kb1 Rfc8 26. h4 Qb5 27. Qe3 Rc4
28. Rd4 Rac8 29. f6 Rxd4 30. cxd4 gxf6 31. exf6 Kh8 32. Rc1 Rg8 33. g5 Qd7 34.
Qe5 Qb5 35. Rc7 Qd3+ 36. Ka2 Qb3+ 37. Kb1 Qd1+ 38. Rc1 Qd3+ 39. Ka1 h6 40. Rc3
Qd2 41. Ka2 Qd1 42. Qc7 Qh5 43. Qe7 hxg5 44. hxg5 0-1

[Event "Druga Liga CS - Zapad"]
[Site "?"]
[Date "2010.09.26"]
[Round "3"]
[White "Savic, Petar"]
[Black "Nesic, Dragisa"]
[Result "1/2-1/2"]
[WhiteElo "2053"]
[BlackElo "2141"]
[PlyCount "108"]
[EventDate "2010.10.06"]
[SourceDate "2010.10.07"]

1. e4 c5 2. Nf3 Nc6 3. Nc3 g6 4. d4 cxd4 5. Nxd4 Bg7 6. Nxc6 bxc6 7. Bc4 d6 8.
O-O Nh6 9. Bg5 Ng4 10. h3 Ne5 11. Bb3 h6 12. Be3 Ba6 13. Re1 O-O 14. f4 Nc4 15.
Bxc4 Bxc4 16. Qd2 Kh7 17. b3 Ba6 18. Rab1 Qa5 19. b4 Qh5 20. Ne2 Bxe2 21. Qxe2
Qxe2 22. Rxe2 a5 23. b5 cxb5 24. Rxb5 a4 25. c4 Rfc8 26. Rc2 Rc7 27. Kf1 a3 28.
Ke2 Ra4 29. Kd3 Bb2 30. Bc1 Bxc1 31. Rxc1 Kg7 32. Rc3 Kf6 33. g4 g5 34. e5+
dxe5 35. fxe5+ Ke6 36. Rc2 Ra6 37. Kc3 Rd7 38. Rd2 Rc7 39. Kb4 Rac6 40. Rc2 f5
41. exf6 exf6 42. Ra5 h5 43. Rxa3 Rb7+ 44. Kc3 hxg4 45. hxg4 Rh7 46. Re2+ Kd6
47. Ra5 Rh3+ 48. Kd4 Rh4 49. Rd5+ Kc7 50. Rg2 Rh1 51. Ra5 Rd1+ 52. Ke4 Rxc4+
53. Kf5 Rf1+ 54. Kg6 Rff4 1/2-1/2

[Event "Druga Liga CS - Zapad"]
[Site "?"]
[Date "2010.09.26"]
[Round "3"]
[White "Ristovic, Radovan"]
[Black "Rikalovic, Dimitrije"]
[Result "0-1"]
[WhiteElo "2115"]
[BlackElo "1955"]
[PlyCount "62"]
[EventDate "2010.10.06"]
[SourceDate "2010.10.07"]

1. e4 d6 2. d4 g6 3. Bc4 Bg7 4. c3 Nf6 5. Qe2 O-O 6. Nf3 Nbd7 7. O-O e5 8. dxe5
Nxe5 9. Nxe5 dxe5 10. Bg5 Qe7 11. Nd2 h6 12. Bh4 g5 13. Bg3 Bg4 14. f3 Bd7 15.
Bf2 Kh7 16. Rfe1 b6 17. Nf1 Rad8 18. Ne3 c6 19. Rad1 h5 20. Rd3 Bh6 21. Red1
Rg8 22. Rd6 g4 23. Bh4 Bg5 24. Bxg5 Rxg5 25. R1d2 Rdg8 26. Rxf6 Qxf6 27. Rxd7
gxf3 28. Qf2 R8g7 29. g3 h4 30. g4 Qf4 31. Rd6 Rxg4+ 0-1